00605nam a2200217Ia 4500003000400000008004100004040001600045082001800061100002000079245005400099700002100153700002200174260005300196300001000249650002300259650001500282650001900297650003300316650002000349650001800369GCL140319s9999 xx 000 0 eng d aGCL / cGCL04a810.0712bG L1 aGREENLAW, EDWIN10aLITERATURE AND LIFE: BOOK ONE / cGREENLAW, EDWIN1 aELSON, WILLIAM H1 aKECK, CHRISTINE M a[S.N] : bSCOTT, FORESMAN AND COMPANY ، c1933 a632 P04aENGLISH LITERATURE04aLITERATURE04aENGLISH ESSAYS04aTEACHING - SECONDARY SCHOOLS04aENGLISH STORIES04aENGLISH DRAMA